[Event "IECC KO-2115"]
[Site "IECC email"]
[Date "2012.08.23"]
[Round "?"]
[White "Martin, Dennis"]
[Black "Copin, Jean Christophe"]
[Result "1-0"]
[WhiteElo "1660"]
[BlackElo "1435"]
[PlyCount "39"]
[EventDate "2011.??.??"]
[EventType "match (corr)"]
[EventRounds "2"]
[SourceTitle "Telechess CBM 165"]
[Source "ChessBase"]
[SourceDate "2015.03.11"]
[SourceVersion "1"]
[SourceVersionDate "2015.03.11"]
[SourceQuality "1"]
[WhiteTeam "US of America"]
[BlackTeam "France"]
[WhiteTeamCountry "USA"]
[BlackTeamCountry "FRA"]

1. e4 e5 2. Nf3 Nc6 3. Bc4 Nf6 4. d3 Bc5 5. c3 a6 6. Ng5 0-0 7. b4 b5 8. Bxf7+ Rxf7 9. Nxf7 Bxf2+ 10. Kxf2 Kxf7 11. Rf1 h6 12. Kg1 Kg8 13. a4 Bb7 14. Qf3 d5 15. Bxh6 gxh6 16. axb5 Nxb4 17. cxb4 dxe4 18. Qxf6 Qd4+ 19. Kh1 Qxa1 20. h3 1-0

[Event "IECC Swiss-558.3"]
[Site "IECC email"]
[Date "2012.07.12"]
[Round "?"]
[White "Heyvaert, Philippe"]
[Black "Copin, Jean Christophe"]
[Result "1-0"]
[WhiteElo "1969"]
[BlackElo "1442"]
[PlyCount "33"]
[EventDate "2012.??.??"]
[EventType "swiss (corr)"]
[EventRounds "1"]
[SourceTitle "Corr 2020"]
[Source "ChessBase"]
[SourceDate "2019.09.30"]
[SourceVersion "1"]
[SourceVersionDate "2019.09.30"]
[SourceQuality "1"]
[WhiteTeam "Belgium"]
[BlackTeam "France"]
[WhiteTeamCountry "BEL"]
[BlackTeamCountry "FRA"]

1. d4 Nf6 2. c4 g6 3. Nc3 d5 4. cxd5 Nxd5 5. Qb3 c6 6. e3 Nb6 7. Nf3 Bg7 8. Be2 0-0 9. 0-0 Be6 10. Qc2 Bc4 11. e4 Bxd4 12. Bxc4 Nxc4 13. Nxd4 Qxd4 14. Ne2 Qc5 15. b3 Qe5 16. bxc4 Qxa1 17. Nc3 1-0

[Event "IECC Swiss-550.4"]
[Site "IECC email"]
[Date "2011.09.14"]
[Round "?"]
[White "Copin, Jean Christophe"]
[Black "Geib, Steven"]
[Result "0-1"]
[WhiteElo "1430"]
[BlackElo "1477"]
[PlyCount "58"]
[EventDate "2011.??.??"]
[EventType "swiss (corr)"]
[EventRounds "1"]
[SourceTitle "Telechess CBM 165"]
[Source "ChessBase"]
[SourceDate "2015.03.11"]
[SourceVersion "1"]
[SourceVersionDate "2015.03.11"]
[SourceQuality "1"]
[WhiteTeam "France"]
[BlackTeam "US of America"]
[WhiteTeamCountry "FRA"]
[BlackTeamCountry "USA"]

1. e4 e5 2. Nf3 Nf6 3. Bb5 a6 4. Ba4 Nxe4 5. 0-0 Nc6 6. Bxc6 dxc6 7. Nxe5 Bb4 8. Nxf7 Kxf7 9. Qh5+ Kg8 10. Re1 Nf6 11. Qf3 Qd5 12. Qe2 Bg4 13. Qf1 Re8 14. Rxe8+ Nxe8 15. c3 Bd6 16. d4 b5 17. Be3 Kf7 18. c4 Qh5 19. g3 Be2 20. Qg2 Bxc4 21. Nc3 Nf6 22. Qxc6 Re8 23. b3 Be6 24. Qxa6 Qh3 25. Qb7 Ng4 26. Qf3+ Kg8 27. Nxb5 Qxh2+ 28. Kf1 Nxe3+ 29. fxe3 Bh3+ 0-1

[Event "IECC KO-2115"]
[Site "IECC email"]
[Date "2011.09.05"]
[Round "?"]
[White "Copin, Jean Christophe"]
[Black "Phillips, David A"]
[Result "1-0"]
[WhiteElo "1424"]
[BlackElo "1262"]
[PlyCount "59"]
[EventDate "2011.??.??"]
[EventType "match (corr)"]
[EventRounds "2"]
[SourceTitle "Telechess CBM 149"]
[Source "ChessBase"]
[SourceDate "2012.07.17"]
[SourceVersion "1"]
[SourceVersionDate "2012.07.17"]
[SourceQuality "1"]
[WhiteTeam "France"]
[BlackTeam "England"]
[WhiteTeamCountry "FRA"]
[BlackTeamCountry "ENG"]

1. e4 e5 2. Nf3 Nc6 3. Bb5 Nd4 4. Nxd4 exd4 5. b3 a6 6. Bd3 c5 7. 0-0 Bd6 8. Qg4 g6 9. Bc4 Nf6 10. Qe2 Be5 11. f4 d3 12. Qxd3 Bxa1 13. e5 Bd4+ 14. Kh1 Nh5 15. c3 Bxc3 16. Nxc3 0-0 17. g4 Ng7 18. f5 Qc7 19. fxg6 Qc6+ 20. Nd5 Qe6 21. Nf6+ Qxf6 22. exf6 Ne6 23. Bxe6 dxe6 24. g7 Re8 25. Rf3 e5 26. Qe4 h6 27. Rh3 Bxg4 28. Rxh6 Bf3+ 29. Kg1 Bxe4 30. Rh8# 1-0

[Event "IECC Swiss-558.1"]
[Site "IECC email"]
[Date "2011.09.01"]
[Round "?"]
[White "Copin, Jean Christophe"]
[Black "Evenson, Allen"]
[Result "1-0"]
[WhiteElo "1407"]
[BlackElo "1201"]
[PlyCount "29"]
[EventDate "2011.??.??"]
[EventType "swiss (corr)"]
[EventRounds "1"]
[SourceTitle "Corr 2020"]
[Source "ChessBase"]
[SourceDate "2019.09.30"]
[SourceVersion "1"]
[SourceVersionDate "2019.09.30"]
[SourceQuality "1"]
[WhiteTeam "France"]
[BlackTeam "United States"]
[WhiteTeamCountry "FRA"]
[BlackTeamCountry "USA"]

1. e4 e5 2. Nf3 Nc6 3. Bb5 a6 4. Ba4 b5 5. Bb3 Nf6 6. 0-0 d5 7. exd5 Nxd5 8. Re1 Qd6 9. Nxe5 Nxe5 10. d4 f6 11. dxe5 fxe5 12. Bxd5 Rb8 13. Bf4 Be7 14. Bxe5 Qb6 15. Bxg7 1-0

[Event "IECC CL5-2011.13 email"]
[Site "IECC email"]
[Date "2011.08.27"]
[Round "?"]
[White "Copin, Jean Christophe"]
[Black "Baker, Matthew JD"]
[Result "0-1"]
[WhiteElo "1439"]
[BlackElo "1556"]
[PlyCount "46"]
[EventDate "2011.??.??"]
[EventType "tourn (corr)"]
[EventRounds "4"]
[SourceTitle "Telechess CBM 149"]
[Source "ChessBase"]
[SourceDate "2012.07.17"]
[SourceVersion "1"]
[SourceVersionDate "2012.07.17"]
[SourceQuality "1"]
[WhiteTeam "France"]
[BlackTeam "US of America"]
[WhiteTeamCountry "FRA"]
[BlackTeamCountry "USA"]

1. e4 e5 2. Nf3 Nc6 3. Bb5 a6 4. Ba4 Nf6 5. 0-0 b5 6. Bb3 Bb7 7. Re1 Bc5 8. c3 d6 9. d4 Bb6 10. h3 0-0 11. Na3 exd4 12. cxd4 Re8 13. Bc2 Nb4 14. Bb1 Nxe4 15. Qb3 c5 16. Ng5 Nxg5 17. Rxe8+ Qxe8 18. Bxg5 Qe1+ 19. Kh2 Qxf2 20. Qg3 Qxd4 21. Qh4 Qxh4 22. Bxh4 Re8 23. Nc2 Nxc2 0-1

[Event "IECC CL5-2011.13 email"]
[Site "IECC email"]
[Date "2011.08.27"]
[Round "?"]
[White "Hull, Kevin James"]
[Black "Copin, Jean Christophe"]
[Result "1/2-1/2"]
[WhiteElo "1465"]
[BlackElo "1433"]
[PlyCount "58"]
[EventDate "2011.??.??"]
[EventType "tourn (corr)"]
[EventRounds "4"]
[SourceTitle "Telechess CBM 165"]
[Source "ChessBase"]
[SourceDate "2015.03.11"]
[SourceVersion "1"]
[SourceVersionDate "2015.03.11"]
[SourceQuality "1"]
[WhiteTeam "New Zealand"]
[BlackTeam "France"]
[WhiteTeamCountry "NZL"]
[BlackTeamCountry "FRA"]

1. d4 Nf6 2. c4 g6 3. g3 Bg7 4. Bg2 0-0 5. Nc3 d6 6. h3 Nbd7 7. e3 Re8 8. Nge2 e5 9. 0-0 Nf8 10. d5 a6 11. a4 Bd7 12. b4 Qc8 13. Kh2 h6 14. e4 N8h7 15. f4 exf4 16. Bxf4 Nh5 17. Be3 f5 18. Qd2 g5 19. Bd4 fxe4 20. Bxg7 Kxg7 21. g4 N5f6 22. Ng3 Re5 23. Ncxe4 Nxe4 24. Nxe4 Qg8 25. Qd4 Rae8 26. Rae1 Qh8 27. c5 Kg8 28. cxd6 cxd6 29. Qa1 h5 1/2-1/2

[Event "IECC Swiss-556.2"]
[Site "IECC email"]
[Date "2011.07.22"]
[Round "?"]
[White "Copin, Jean Christophe"]
[Black "Martins, Karin"]
[Result "0-1"]
[WhiteElo "1415"]
[BlackElo "1751"]
[PlyCount "30"]
[EventDate "2011.??.??"]
[EventType "swiss (corr)"]
[EventRounds "1"]
[SourceTitle "Corr 2020"]
[Source "ChessBase"]
[SourceDate "2019.09.30"]
[SourceVersion "1"]
[SourceVersionDate "2019.09.30"]
[SourceQuality "1"]
[WhiteTeam "France"]
[BlackTeam "Germany"]
[WhiteTeamCountry "FRA"]
[BlackTeamCountry "GER"]

1. e4 e5 2. Nf3 Nc6 3. Bb5 a6 4. Ba4 Nf6 5. 0-0 Nxe4 6. d4 b5 7. Bb3 d5 8. Nxe5 Nxe5 9. dxe5 c6 10. c3 Bc5 11. Bc2 Qh4 12. g3 Nxg3 13. hxg3 Qxg3+ 14. Kh1 Qh3+ 15. Kg1 Bg4 0-1

[Event "IECC Swiss-549.4"]
[Site "IECC email"]
[Date "2011.07.22"]
[Round "?"]
[White "Salazar Moran, Alejandro Fortunato"]
[Black "Copin, Jean Christophe"]
[Result "1-0"]
[WhiteElo "1792"]
[BlackElo "1417"]
[PlyCount "31"]
[EventDate "2011.??.??"]
[EventType "swiss (corr)"]
[EventRounds "1"]
[SourceTitle "Corr 2020"]
[Source "ChessBase"]
[SourceDate "2019.09.30"]
[SourceVersion "1"]
[SourceVersionDate "2019.09.30"]
[SourceQuality "1"]
[WhiteTeam "Ecuador"]
[BlackTeam "France"]
[WhiteTeamCountry "ECU"]
[BlackTeamCountry "FRA"]

1. e4 e5 2. Nf3 Nc6 3. Bb5 a6 4. Ba4 b5 5. Bb3 Nf6 6. d4 Bd6 7. Nxe5 Nxe5 8. dxe5 Bxe5 9. f4 Nxe4 10. Bxf7+ Kf8 11. Bd5 Qh4+ 12. g3 Nxg3 13. hxg3 Qxg3+ 14. Kf1 c6 15. Qh5 cxd5 16. Rg1 1-0

[Event "P-4696"]
[Site "IECC email"]
[Date "2011.03.07"]
[Round "?"]
[White "Cressman, Richard"]
[Black "Copin, Jean Christophe"]
[Result "1-0"]
[WhiteElo "1518"]
[BlackElo "1445"]
[PlyCount "65"]
[EventDate "2011.??.??"]
[EventType "tourn (corr)"]
[SourceTitle "Telechess CBM 145"]
[Source "Chessbase"]
[SourceDate "2011.11.11"]
[SourceVersion "1"]
[SourceVersionDate "2011.11.11"]
[SourceQuality "1"]
[WhiteTeam "US of America"]
[WhiteTeamCountry "USA"]

1. e4 e6 2. d4 d5 3. exd5 exd5 4. c4 Nf6 5. Nf3 Be7 6. Nc3 c6 7. c5 b6 8. Be3 0-0 9. b4 bxc5 10. dxc5 Bf5 11. Bd3 Be4 12. Bd4 a5 13. b5 a4 14. 0-0 Qd7 15. Re1 Bxd3 16. Ne5 Qb7 17. Qxd3 Nfd7 18. bxc6 Nxc6 19. Nxc6 Qxc6 20. Rxe7 Nxc5 21. Bxc5 Qxc5 22. Nxd5 Rad8 23. Re5 Qd6 24. Qe4 g6 25. Ne7+ Kg7 26. Rd5 Qf6 27. Qe5 Qxe5 28. Rxe5 Rd2 29. Nc6 Rc8 30. Nb4 Rc4 31. a3 Rc3 32. Kf1 Rb3 33. Rd5 1-0

[Event "Swiss-548.3.04"]
[Site "IECC email"]
[Date "2010.10.18"]
[Round "?"]
[White "Copin, Jean Christophe"]
[Black "Basson, Heinrich"]
[Result "0-1"]
[WhiteElo "1467"]
[BlackElo "1729"]
[PlyCount "58"]
[EventDate "2010.??.??"]
[EventType "tourn (corr)"]
[SourceTitle "Telechess CBM 145"]
[Source "Chessbase"]
[SourceDate "2011.11.11"]
[SourceVersion "1"]
[SourceVersionDate "2011.11.11"]
[SourceQuality "1"]
[BlackTeam "South Africa"]
[BlackTeamCountry "RSA"]

1. e4 e5 2. Nf3 Nc6 3. Bb5 a6 4. Ba4 Bc5 5. c3 Nf6 6. 0-0 0-0 7. d4 Be7 8. Re1 exd4 9. cxd4 d5 10. e5 Ne4 11. Bc2 Nb4 12. Bxe4 dxe4 13. Rxe4 Bf5 14. Re2 Qd7 15. a3 Nd5 16. h3 Qc6 17. Bg5 Bxg5 18. Nxg5 Nf4 19. Nf3 Qg6 20. Nh4 Qg5 21. g3 Nxe2+ 22. Qxe2 Qc1+ 23. Kh2 Bxb1 24. Qg4 Qxb2 25. Rxb1 Qxb1 26. Nf5 g6 27. Nh6+ Kg7 28. Qg5 f5 29. e6 Qa2 0-1

[Event "P-4667"]
[Site "IECC email"]
[Date "2010.10.03"]
[Round "?"]
[White "Philips, Justin"]
[Black "Copin, Jean Christophe"]
[Result "1-0"]
[WhiteElo "1227"]
[BlackElo "1472"]
[PlyCount "51"]
[EventDate "2010.??.??"]
[EventType "tourn (corr)"]
[SourceTitle "Telechess CBM 149"]
[Source "ChessBase"]
[SourceDate "2012.07.17"]
[SourceVersion "1"]
[SourceVersionDate "2012.07.17"]
[SourceQuality "1"]
[WhiteTeam "India"]
[BlackTeam "France"]
[WhiteTeamCountry "IND"]
[BlackTeamCountry "FRA"]

1. d4 Nf6 2. c4 g6 3. Nc3 Bg7 4. e4 d6 5. f4 0-0 6. Nf3 c5 7. d5 e6 8. dxe6 fxe6 9. Be2 Nh5 10. g3 Nf6 11. e5 dxe5 12. Qxd8 Rxd8 13. Nxe5 Nbd7 14. 0-0 Nxe5 15. fxe5 Nd7 16. Bg5 Re8 17. Rad1 Bxe5 18. Nb5 a6 19. Nd6 Bxd6 20. Rxd6 e5 21. Bf3 e4 22. Bg2 Nf8 23. Bxe4 Rxe4 24. Rd8 Bh3 25. Rfxf8+ Kg7 26. Rg8+ 1-0

[Event "IECC CL5-2010.10 email"]
[Site "IECC email"]
[Date "2010.08.16"]
[Round "?"]
[White "Copin, Jean Christophe"]
[Black "D'Aragona, Vittoria"]
[Result "1-0"]
[WhiteElo "1442"]
[BlackElo "1457"]
[PlyCount "79"]
[EventDate "2010.??.??"]
[EventType "tourn (corr)"]
[EventRounds "4"]
[SourceTitle "Telechess CBM 149"]
[Source "ChessBase"]
[SourceDate "2012.07.17"]
[SourceVersion "1"]
[SourceVersionDate "2012.07.17"]
[SourceQuality "1"]
[WhiteTeam "France"]
[BlackTeam "Italy"]
[WhiteTeamCountry "FRA"]
[BlackTeamCountry "ITA"]

1. e4 e6 2. d4 d5 3. Nd2 c5 4. Ngf3 cxd4 5. exd5 exd5 6. Qe2+ Qe7 7. Qxe7+ Bxe7 8. Nxd4 Nc6 9. Nb5 Kd8 10. Be2 a6 11. Na3 Nf6 12. c3 Re8 13. Nc2 Ng4 14. 0-0 Nxh2 15. Kxh2 Bd6+ 16. g3 Rxe2 17. Ne3 d4 18. cxd4 Nxd4 19. Ne4 Be5 20. Nc3 Nf3+ 21. Kg2 Ne1+ 22. Kh1 Bxc3 23. bxc3 Nc2 24. Rb1 Nxe3 25. fxe3 Be6 26. Rd1+ Kc7 27. e4 Rxe4 28. Bf4+ Kc8 29. Rb6 Bxa2 30. Rbd6 Kb8 31. Rxa6+ Rxf4 32. Rxa8+ Kxa8 33. gxf4 Be6 34. Rg1 g6 35. Kg2 h5 36. Rd1 Ka7 37. Rd4 Kb6 38. Kg3 f5 39. Rd6+ Kc5 40. Rxe6 1-0

[Event "Swiss-552.1.07"]
[Site "IECC email"]
[Date "2010.07.26"]
[Round "?"]
[White "Copin, Jean Christophe"]
[Black "Katsantoulas, Thanasis"]
[Result "1-0"]
[WhiteElo "1458"]
[BlackElo "1419"]
[PlyCount "77"]
[EventDate "2010.??.??"]
[EventType "tourn (corr)"]
[SourceTitle "Telechess CBM 149"]
[Source "ChessBase"]
[SourceDate "2012.07.17"]
[SourceVersion "1"]
[SourceVersionDate "2012.07.17"]
[SourceQuality "1"]
[WhiteTeam "France"]
[BlackTeam "Greece"]
[WhiteTeamCountry "FRA"]
[BlackTeamCountry "GRE"]

1. e4 e5 2. Nf3 Nc6 3. Bb5 a6 4. Ba4 Nf6 5. 0-0 Be7 6. Re1 b5 7. Bb3 0-0 8. c3 d6 9. h3 Na5 10. Bc2 c6 11. d4 Qc7 12. Nbd2 Re8 13. Nf1 Bf8 14. Ng3 h6 15. Nh2 Rb8 16. f4 exd4 17. cxd4 c5 18. d5 g6 19. f5 Kg7 20. Ng4 Nxg4 21. Qxg4 Qe7 22. Qf4 Qg5 23. fxg6 Qxf4 24. Nh5+ Kxg6 25. Nxf4+ Kh7 26. e5+ Kg8 27. e6 Re7 28. b3 Bb7 29. Nh5 Bg7 30. Nxg7 Kxg7 31. Bb2+ f6 32. Be4 b4 33. Re3 c4 34. Rg3+ Kf8 35. Rf1 Rxe6 36. dxe6 Bxe4 37. Rxf6+ Ke7 38. bxc4 Nxc4 39. Rg7+ 1-0

[Event "IECC KO-2109"]
[Site "IECC email"]
[Date "2010.05.18"]
[Round "?"]
[White "Copin, Jean Christophe"]
[Black "Washington, Christopher Will"]
[Result "0-1"]
[WhiteElo "1407"]
[BlackElo "1503"]
[PlyCount "92"]
[EventDate "2010.??.??"]
[EventType "tourn (corr)"]
[SourceTitle "Telechess CBM 149"]
[Source "ChessBase"]
[SourceDate "2012.07.17"]
[SourceVersion "1"]
[SourceVersionDate "2012.07.17"]
[SourceQuality "1"]
[WhiteTeam "France"]
[BlackTeam "US of America"]
[WhiteTeamCountry "FRA"]
[BlackTeamCountry "USA"]

1. e4 Nh6 2. e5 g6 3. d4 e6 4. Bb5 Bg7 5. Nf3 c6 6. Bd3 f6 7. exf6 Qxf6 8. Bg5 Qf8 9. Qd2 Nf7 10. Bf4 d6 11. 0-0 Qe7 12. Re1 0-0 13. c4 b6 14. Nc3 Na6 15. d5 cxd5 16. cxd5 e5 17. Bg5 Nxg5 18. Nxg5 Nc7 19. Nge4 Bd7 20. Rac1 Rfc8 21. b3 b5 22. a3 a6 23. Qe3 Ne8 24. b4 Qh4 25. Qg5 Qxg5 26. Nxg5 Rc7 27. Nce4 Bh6 28. h4 Rac8 29. Rxc7 Rxc7 30. Re3 Rc1+ 31. Kh2 Rd1 32. Rg3 Bf5 33. Bc2 Rd4 34. Rc3 Bxg5 35. Nxg5 Rxh4+ 36. Kg1 Rc4 37. Rxc4 bxc4 38. Ne4 Bxe4 39. Bxe4 Nf6 40. Bf3 c3 41. Bd1 Nxd5 42. Bb3 Kg7 43. Kf1 Nc7 44. Ke2 d5 45. Kd3 d4 46. Ke4 Nb5 0-1

[Event "Swiss-538.4.07"]
[Site "IECC email"]
[Date "2010.05.06"]
[Round "?"]
[White "Schmidt, Michael"]
[Black "Copin, Jean Christophe"]
[Result "0-1"]
[WhiteElo "1125"]
[BlackElo "1401"]
[PlyCount "38"]
[EventDate "2010.??.??"]
[EventType "tourn (corr)"]
[SourceTitle "Telechess CBM 149"]
[Source "ChessBase"]
[SourceDate "2012.07.17"]
[SourceVersion "1"]
[SourceVersionDate "2012.07.17"]
[SourceQuality "1"]
[WhiteTeam "Germany"]
[BlackTeam "France"]
[WhiteTeamCountry "GER"]
[BlackTeamCountry "FRA"]

1. e4 e6 2. d4 d5 3. exd5 exd5 4. Nf3 Nf6 5. Nc3 Bd6 6. Bd2 c6 7. Bg5 0-0 8. Be2 Nbd7 9. 0-0 Qc7 10. Qd3 h6 11. Bxf6 Nxf6 12. Rfe1 Bd7 13. a3 Rae8 14. Bd1 Bxh2+ 15. Kf1 Rxe1+ 16. Kxe1 Re8+ 17. Be2 Bg4 18. Nxh2 Qxh2 19. Kf1 Qh1# 0-1

[Event "IECC CL5-2010.04 email"]
[Site "IECC email"]
[Date "2010.04.13"]
[Round "?"]
[White "Copin, Jean Christophe"]
[Black "Hendriks, Richard V"]
[Result "0-1"]
[WhiteElo "1380"]
[BlackElo "1637"]
[PlyCount "58"]
[EventDate "2010.??.??"]
[EventType "tourn (corr)"]
[EventRounds "4"]
[SourceTitle "Corr 2013"]
[Source "ChessBase"]
[SourceDate "2012.11.12"]
[SourceVersion "1"]
[SourceVersionDate "2012.11.12"]
[SourceQuality "1"]
[WhiteTeam "Hungary"]
[BlackTeam "Japan"]
[WhiteTeamCountry "HUN"]
[BlackTeamCountry "JPN"]

1. e4 d6 2. d4 Nf6 3. Nc3 Nbd7 4. Be3 e5 5. d5 c6 6. Bd3 cxd5 7. exd5 Qa5 8. Bf5 g6 9. Bxd7+ Bxd7 10. a3 Bg7 11. Nge2 0-0 12. 0-0 Ng4 13. Bd2 f5 14. h3 Nf6 15. Ne4 Qxd5 16. Nxf6+ Rxf6 17. Bg5 Qxd1 18. Raxd1 Re6 19. f4 exf4 20. Nxf4 Re4 21. Rxd6 Bb5 22. Rfd1 h6 23. Rxg6 Kh7 24. Bf6 Bf8 25. Rd8 Rxd8 26. Bxd8 Bc5+ 27. Kh2 Rxf4 28. Rf6 Rf2 29. Rf7+ Kg8 0-1

[Event "P-4638"]
[Site "IECC email"]
[Date "2010.04.09"]
[Round "?"]
[White "Copin, Jean Christophe"]
[Black "Ostrovskij, Jori"]
[Result "0-1"]
[WhiteElo "1385"]
[BlackElo "1712"]
[PlyCount "56"]
[EventDate "2010.??.??"]
[EventType "tourn (corr)"]
[SourceTitle "Telechess CBM 149"]
[Source "ChessBase"]
[SourceDate "2012.07.17"]
[SourceVersion "1"]
[SourceVersionDate "2012.07.17"]
[SourceQuality "1"]
[WhiteTeam "France"]
[BlackTeam "Finland"]
[WhiteTeamCountry "FRA"]
[BlackTeamCountry "FIN"]

1. e4 d5 2. Nc3 c6 3. exd5 cxd5 4. Qf3 Nf6 5. Bb5+ Nc6 6. Nge2 a6 7. Ba4 Bg4 8. Qd3 b5 9. Bb3 e6 10. a3 Rc8 11. Nd4 Nxd4 12. Qxd4 Bc5 13. Qf4 Bd6 14. Qe3 0-0 15. d4 Bf5 16. h3 Ne4 17. Nxe4 Bxe4 18. c3 Bxg2 19. Rg1 Be4 20. Bd2 Bh2 21. Rg4 f5 22. Rg5 f4 23. Rxg7+ Kxg7 24. Qe2 f3 25. Qf1 Rg8 26. Qh1 Qd6 27. Be3 Kh8 28. Kd2 Rg2 0-1

[Event "IECC KO-2098"]
[Site "IECC email"]
[Date "2010.03.03"]
[Round "?"]
[White "Cofer, David"]
[Black "Copin, Jean Christophe"]
[Result "1-0"]
[WhiteElo "1584"]
[BlackElo "1377"]
[PlyCount "47"]
[EventDate "2008.??.??"]
[EventType "match (corr)"]
[EventRounds "2"]
[SourceTitle "Telechess CBM 149"]
[Source "ChessBase"]
[SourceDate "2012.07.17"]
[SourceVersion "1"]
[SourceVersionDate "2012.07.17"]
[SourceQuality "1"]
[WhiteTeam "US of America"]
[BlackTeam "France"]
[WhiteTeamCountry "USA"]
[BlackTeamCountry "FRA"]

1. e4 e6 2. d4 d5 3. Nc3 c5 4. exd5 exd5 5. Bb5+ Nc6 6. Nf3 Be7 7. 0-0 Nf6 8. Ne5 Bd7 9. Nxd7 Qxd7 10. dxc5 Bxc5 11. Re1+ Be7 12. Bg5 0-0-0 13. Qf3 a6 14. Na4 Qc7 15. Bxc6 bxc6 16. Qh3+ Kb8 17. Qb3+ Ka7 18. Rxe7 Qxe7 19. Qb6+ Ka8 20. Qxa6+ Kb8 21. Bf4+ Rd6 22. Nb6 Kc7 23. Qa7+ Kd8 24. Qb8# 1-0

[Event "IECC KO-2098"]
[Site "IECC email"]
[Date "2010.03.03"]
[Round "?"]
[White "Copin, Jean Christophe"]
[Black "Cofer, David"]
[Result "0-1"]
[WhiteElo "1385"]
[BlackElo "1576"]
[PlyCount "42"]
[EventDate "2008.??.??"]
[EventType "match (corr)"]
[EventRounds "2"]
[SourceTitle "Telechess CBM 149"]
[Source "ChessBase"]
[SourceDate "2012.07.17"]
[SourceVersion "1"]
[SourceVersionDate "2012.07.17"]
[SourceQuality "1"]
[WhiteTeam "France"]
[BlackTeam "US of America"]
[WhiteTeamCountry "FRA"]
[BlackTeamCountry "USA"]

1. e4 e5 2. Nf3 Nc6 3. Bc4 Nf6 4. d3 Bb4+ 5. c3 Be7 6. a3 a6 7. 0-0 0-0 8. Re1 d6 9. Nbd2 b5 10. Ba2 h6 11. Nf1 Be6 12. Bxe6 fxe6 13. Nh4 Nxe4 14. Rxe4 Bxh4 15. Qg4 Bxf2+ 16. Kh1 Qf6 17. Be3 Bxe3 18. Nxe3 d5 19. Rb4 Nxb4 20. axb4 d4 21. cxd4 exd4 0-1

[Event "IECC Swiss-545"]
[Site "IECC email"]
[Date "2010.02.10"]
[Round "?"]
[White "Copin, Jean Christophe"]
[Black "Bearce, Harold L"]
[Result "1-0"]
[WhiteElo "1330"]
[BlackElo "1125"]
[PlyCount "45"]
[EventDate "2010.??.??"]
[EventType "match (corr)"]
[SourceTitle "Corr 2013"]
[Source "ChessBase"]
[SourceDate "2012.11.12"]
[SourceVersion "1"]
[SourceVersionDate "2012.11.12"]
[SourceQuality "1"]
[WhiteTeam "Australia"]
[BlackTeam "Australia"]
[WhiteTeamCountry "AUS"]
[BlackTeamCountry "AUS"]

1. e4 e5 2. Nf3 Nc6 3. Bc4 Nf6 4. Ng5 d5 5. exd5 Na5 6. d3 h6 7. Nf3 Bc5 8. c3 Nxc4 9. Qa4+ Bd7 10. Qxc4 Bb6 11. 0-0 Bg4 12. Nxe5 Qxd5 13. Qxd5 Nxd5 14. Nxg4 0-0-0 15. d4 Rhe8 16. Ne5 Re7 17. Na3 c5 18. Nec4 cxd4 19. Nxb6+ Nxb6 20. cxd4 Rxd4 21. Be3 Rd6 22. Rac1+ Kb8 23. Bf4 1-0

[Event "IECC CL6-2010.01 email"]
[Site "IECC email"]
[Date "2010.02.06"]
[Round "?"]
[White "Copin, Jean Christophe"]
[Black "Hughes, Peter James"]
[Result "1/2-1/2"]
[WhiteElo "1373"]
[BlackElo "1226"]
[PlyCount "56"]
[EventDate "2010.??.??"]
[EventType "tourn (corr)"]
[EventRounds "4"]
[SourceTitle "Corr 2013"]
[Source "ChessBase"]
[SourceDate "2012.11.12"]
[SourceVersion "1"]
[SourceVersionDate "2012.11.12"]
[SourceQuality "1"]
[WhiteTeam "Netherlands"]
[BlackTeam "Italy"]
[WhiteTeamCountry "NED"]
[BlackTeamCountry "ITA"]

1. e4 c5 2. Nf3 Nc6 3. d4 cxd4 4. Nxd4 Nf6 5. Nc3 e5 6. Nb3 Bb4 7. Bd2 Bxc3 8. Bxc3 Nxe4 9. Qf3 d5 10. 0-0-0 0-0 11. Nd2 Be6 12. Nxe4 dxe4 13. Qxe4 Qc7 14. Bd3 f5 15. Qe3 Qf7 16. Bxe5 Rac8 17. a3 f4 18. Qe4 Bf5 19. Qxf5 Qxf5 20. Bxf5 Rxf5 21. Bc3 Rf7 22. Rd3 Rcf8 23. Rhd1 g5 24. Rd5 h6 25. Rd6 Kh7 26. Re1 Rd8 27. Rde6 Rdf8 28. f3 h5 1/2-1/2

[Event "IECC Swiss-539"]
[Site "IECC email"]
[Date "2009.12.30"]
[Round "?"]
[White "De Oliveira"]
[Black "Copin, Jean Christophe"]
[Result "1-0"]
[WhiteElo "2033"]
[BlackElo "1297"]
[PlyCount "29"]
[EventDate "2009.??.??"]
[EventType "match (corr)"]
[SourceTitle "Corr 2013"]
[Source "ChessBase"]
[SourceDate "2012.11.12"]
[SourceVersion "1"]
[SourceVersionDate "2012.11.12"]
[SourceQuality "1"]
[WhiteTeam "France"]
[BlackTeam "Australia"]
[WhiteTeamCountry "FRA"]
[BlackTeamCountry "AUS"]

1. e4 e6 2. d4 d5 3. Nc3 Nf6 4. Bg5 Be7 5. e5 Nfd7 6. Bxe7 Qxe7 7. f4 0-0 8. Nf3 a6 9. Bd3 f6 10. exf6 Nxf6 11. 0-0 Nbd7 12. Qe1 c5 13. Qh4 Qd8 14. Ng5 c4 15. Bxh7+ 1-0